00376nam a2200145Ia 450000500170000000800410001703700130005804000200007104100130009108400210010410000120012524500430013726000420018030000080022220250326125542.0250326s9999 xx 000 0 und d aTextbook aFMSLbengcFMSL aeng2eng aXxM83 L4;1qFMSL aHicks J 0aCrisis in keynesian economicscHicks J aDelhibDelhi, Oxford Universityc1974 a85p